00700cam a2200205 a 450000100070000000500170000700800410002402000150006505000240008008200180010424501170012226000430023930000290028265000210031165000460033265000320037870000250041070000320043570000270046759876120260422135226.0910819s1992 nyu b 001 0 eng  a067346427X00aPE1417b.C6518 199200a808/.042722000aConstellations :ba contextual reader for writers /c[edited by] John Schilb, Elizabeth A. Flynn, John Clifford. aNew York, NY :bHarperCollins,cc1992. axxviii, 683 p. ;c24 cm. 0aCollege readers. 0aReport writingxProblems, exercises, etc. 0aEnglish languagexRhetoric.1 aSchilb, John,d1952-1 aFlynn, Elizabeth A.,d1944-1 aClifford, John,d1942-